Insane Marvel MCU Quiz - Statistics

General Stats
  • This quiz has been taken 1,287 times
  • The average score is 9 of 32
Answer Stats
Hint Answer % Correct
Who is the best-friend of Spiderman in Spiderman Homecoming? Ned
86%
By whom Phil Coulson was killed in Avengers movie? Loki
83%
What continent does Peter Parker visit on a class trip in Spider-Man: Far From Home? Europe
68%
What is the name of the precious resource found on Wakanda? Vibranium
67%
Which movie does Hawkeye make his debut in? Thor
63%
What was the second movie in the Marvel Cinematic Universe? Hulk
61%
In Captain America, what was the name of the agreement which leads avengers to separate? Sokovia Accords
52%
Who is the first Guardian of the Galaxy to be seen in Avengers: Endgame? Rocket
51%
What character kills Nebula in the Marvel Cinematic Universe? Nebula
43%
What was the name of place where Odin was living in movie Thor Ragnarok? Norway
35%
In which movie does the Reality stone was first appeared? Thor The Dark World
30%
What was the last word Groot said in Avengers Infinity War? Dad
29%
Name the first film in Phase 2. Iron-Man 3
29%
How long did Scott Lang actually spend in the Quantum Realm? 5 Hours
28%
How old is Steve Rogers? 104
26%
Who is Emile Blonsky? Abomination
25%
Which planet does the Hulk crash land on? Sakaar
22%
In what decade did Captain Marvel discover the truth about her past? 1990s
19%
Which version of Iron-man armor did Tony used in Avengers Infinity War? Mark 50
18%
How many Iron-man Suits did Tony Stark make? 85
17%
What was the name of Tony’s A.I during the fight against Hulk? Veronica
16%
What is Black Widow’s real, full name? Natalia Romanova
10%
What was the WiFi password that Baron Mordo gave Dr Strange? Shamballa
9%
What was the last words spoken by Tony Stark in Avengers Endgame? Hey Pep
7%
What does SHIELD stand for? Strategic Homeland Intervention, Enforcement and Logistics Division
6%
Where was the idea of Captain America created? New Jersey
4%
What is the Iron-Man suit actually made up of? A Gold-Titanium alloy
3%
What Planet was Groot Originally From? Planet X
3%
Whose serum was Dr Banner trying to replicate when he turned into the Hulk? Dr Abraham Erskine
1%
Which planet is Gamora from? Zen-Whoberi
1%
What species is Drax the Destroyer? Human Mutate
0%
Who is Morgan Stark named after? Pepper Potts' Eccentric Uncle
0%
No matching quizzes found
Score Distribution
Percent of People with Each Score
Percentile by Number Answered
Your Score History
You have not taken this quiz